[Event "Osijek op 12th"]
[Site "Osijek"]
[Date "2019.02.23"]
[Round "5.6"]
[White "Muha, Magdalena"]
[Black "Sasvari, Zelimir"]
[Result "1-0"]
[WhiteElo "1848"]
[BlackElo "2198"]
[PlyCount "185"]
[EventDate "2019.02.21"]
[EventType "swiss"]
[EventRounds "7"]
[EventCountry "CRO"]
[SourceTitle "EXT 2023"]
[Source "ChessBase"]
[SourceDate "2022.10.05"]
[SourceVersion "1"]
[SourceVersionDate "2022.10.05"]
[SourceQuality "1"]

1. d4 c5 2. d5 e5 3. e4 a6 4. a4 d6 5. Nc3 Be7 6. Bd3 Bg5 7. Nge2 Bxc1 8. Qxc1 Nd7 9. 0-0 Ne7 10. f4 exf4 11. Qxf4 Ne5 12. b3 N7g6 13. Qf2 b6 14. Nf4 Ra7 15. Nh5 0-0 16. Nd1 Bg4 17. Be2 Qg5 18. Ng3 Qh4 19. Nf5 Qxf2+ 20. Rxf2 Bxf5 21. exf5 Ne7 22. c4 f6 23. Nc3 Rb7 24. h3 Rfb8 25. g4 Re8 26. Bf1 Nc8 27. Kg2 Rbe7 28. Rd1 h5 29. Kg3 hxg4 30. hxg4 Nf7 31. Rd3 Ng5 32. Re2 Ne4+ 33. Nxe4 Rxe4 34. Kf3 Rxe2 35. Bxe2 Kf7 36. Re3 Re5 37. Kf4 Ne7 38. Bd3 Kg8 39. Re4 Kh7 40. Re3 Kg8 41. Bc2 Kf7 42. Bd3 Ke8 43. Kf3 Ng8 44. Kf4 Nh6 45. Re4 Nf7 46. Re2 Kd7 47. Re4 Kc7 48. Re2 Ng5 49. Re3 Kd7 50. Bc2 Ke7 51. Bd3 Kf8 52. Bc2 Kg8 53. Bd3 Kh7 54. Bc2 Kh6 55. Bd3 Kh7 56. Bc2 Kg8 57. Bd3 Kh8 58. Bc2 Kh7 59. Bd3 Kh6 60. Bc2 Rxe3 61. Kxe3 Nh3 62. Kf3 Kg5 63. Kg3 Nf4 64. Kf3 g6 65. fxg6 Nxg6 66. Kg3 Ne5 67. Bf5 a5 68. Be6 Nd3 69. Bf5 Nc1 70. Bc2 Ne2+ 71. Kh3 Kf4 72. Kh4 Nd4 73. Bd1 Ke3 74. Kh5 Ke4 75. Kg6 Ke5 76. Kf7 f5 77. g5 f4 78. g6 Nf5 79. g7 Kd4 80. g8Q Nh6+ 81. Kf8 Nxg8 82. Kxg8 Kc3 83. Kf7 f3 84. Bxf3 Kxb3 85. Ke6 Kxa4 86. Kxd6 Kb4 87. Bd1 Kxc4 88. Kc6 b5 89. d6 a4 90. d7 a3 91. d8Q b4 92. Qa5 Kc3 93. Qxc5+ 1-0

[Event "Osijek op 12th"]
[Site "Osijek"]
[Date "2019.02.22"]
[Round "4.1"]
[White "Sasvari, Zelimir"]
[Black "Ivekovic, Bozidar1"]
[Result "0-1"]
[WhiteElo "2198"]
[BlackElo "2398"]
[PlyCount "86"]
[EventDate "2019.02.21"]
[EventType "swiss"]
[EventRounds "7"]
[EventCountry "CRO"]
[SourceTitle "EXT 2023"]
[Source "ChessBase"]
[SourceDate "2022.10.05"]
[SourceVersion "1"]
[SourceVersionDate "2022.10.05"]
[SourceQuality "1"]

1. c4 c5 2. Nc3 Nc6 3. g3 g6 4. Bg2 Bg7 5. a3 e6 6. Rb1 Nge7 7. b4 cxb4 8. axb4 d5 9. cxd5 exd5 10. b5 Ne5 11. Ba3 0-0 12. Bxe7 Qxe7 13. Nxd5 Qd6 14. Ne3 Ng4 15. Nf3 Nxe3 16. dxe3 Bc3+ 17. Kf1 Qb6 18. Qb3 Bg7 19. h4 Be6 20. Qb4 Ba2 21. Rc1 Rfc8 22. Rxc8+ Rxc8 23. Bh3 Be6 24. Bxe6 Qxe6 25. Kg2 Qa2 26. Qe7 Qd5 27. e4 Qxb5 28. Ng5 Rf8 29. Rc1 h6 30. Nxf7 Rxf7 31. Qe6 Qa6 32. Rc8+ Bf8 33. Qd5 Qxe2 34. Rc7 Qxf2+ 35. Kh3 Bd6 36. Qxd6 Qf1+ 37. Kg4 Qf3+ 38. Kh3 Qh1+ 39. Kg4 Qxe4+ 40. Kh3 Qh1+ 41. Kg4 Qf3+ 42. Kh3 Qf1+ 43. Kg4 Qf5# 0-1

[Event "SSOBZ Cup Team 12th"]
[Site "Valpovo"]
[Date "2019.02.16"]
[Round "2.2"]
[White "Sasvari, Zelimir"]
[Black "Cajzler, Hinko"]
[Result "0-1"]
[WhiteElo "2215"]
[BlackElo "2118"]
[PlyCount "61"]
[EventDate "2019.02.15"]
[EventType "team-swiss"]
[EventRounds "5"]
[EventCountry "CRO"]
[SourceTitle "CBM 189 Extra"]
[Source "ChessBase"]
[SourceDate "2019.05.31"]
[SourceVersion "1"]
[SourceVersionDate "2019.05.31"]
[SourceQuality "1"]
[WhiteTeam "Osijek 2017"]
[BlackTeam "Osijek Hvidra"]
[WhiteTeamCountry "CRO"]
[BlackTeamCountry "CRO"]

1. c4 e6 2. d3 d5 3. Nd2 Nf6 4. Ngf3 c6 5. h3 Nbd7 6. Qc2 Bd6 7. a3 a5 8. b3 Qe7 9. Bb2 e5 10. e4 dxe4 11. dxe4 0-0 12. Be2 Rd8 13. Nf1 b6 14. Ng3 Nf8 15. Nf5 Bxf5 16. exf5 e4 17. Nd4 Rac8 18. 0-0 e3 19. f4 Bc5 20. Nf3 Ne4 21. Kh2 Nd2 22. Rfe1 f6 23. Bc3 Nxf3+ 24. Bxf3 Bxa3 25. Rxa3 Qxa3 26. Rxe3 Qd6 27. g3 Rc7 28. h4 Re7 29. Rxe7 Qxe7 30. Be4 c5 31. Bd5+ 0-1

[Event "Osijek-Baranja CupT 11th"]
[Site "Nasice"]
[Date "2018.02.18"]
[Round "4.1"]
[White "Berke, Ana"]
[Black "Sasvari, Zelimir"]
[Result "1-0"]
[WhiteElo "2122"]
[BlackElo "2188"]
[PlyCount "140"]
[EventDate "2018.02.16"]
[EventType "team-swiss"]
[EventRounds "5"]
[EventCountry "CRO"]
[SourceTitle "EXT 2023"]
[Source "ChessBase"]
[SourceDate "2022.10.05"]
[SourceVersion "1"]
[SourceVersionDate "2022.10.05"]
[SourceQuality "1"]
[WhiteTeam "Belisce"]
[BlackTeam "Osijek 2017"]
[WhiteTeamCountry "CRO"]
[BlackTeamCountry "CRO"]

1. e4 Nf6 2. e5 Nd5 3. c4 Nb6 4. d4 d6 5. exd6 cxd6 6. Nc3 g6 7. Be3 Bg7 8. Rc1 0-0 9. b3 a5 10. Be2 e6 11. Nf3 d5 12. c5 N6d7 13. 0-0 Nc6 14. Qd2 Nf6 15. Bg5 Qd7 16. Ne5 Nxe5 17. dxe5 Ne4 18. Nxe4 dxe4 19. Qf4 Qc7 20. Bf6 Bxf6 21. Qxf6 Rd8 22. Rfd1 Rd5 23. Rxd5 exd5 24. Qd6 Qc6 25. a4 Be6 26. Bb5 Qc8 27. Kf1 Qf8 28. Qxf8+ Kxf8 29. c6 bxc6 30. Rxc6 Ra7 31. Ke2 d4 32. Bc4 Rb7 33. Bxe6 fxe6 34. Rd6 Rb4 35. Kd2 g5 36. Kc2 Kf7 37. g4 h6 38. Rd7+ Ke8 39. Ra7 d3+ 40. Kc3 Rd4 41. Kd2 Rd5 42. Rh7 Rxe5 43. Rxh6 Kd7 44. Rh3 Rc5 45. Re3 Rc2+ 46. Kd1 Rb2 47. Rxe4 Rxb3 48. Re5 Rb2 49. Rxg5 Rxf2 50. h4 Kd6 51. h5 Rh2 52. Rxa5 e5 53. h6 e4 54. Rh5 Ra2 55. h7 Ra1+ 56. Kd2 Ra2+ 57. Ke3 Re2+ 58. Kf4 d2 59. h8Q Rf2+ 60. Kg5 Kd5 61. Rh1 Kc4 62. Qg8+ Kc3 63. Qc8+ Kd3 64. Qa6+ Kc3 65. Qc6+ Kd3 66. Qb5+ Ke3 67. a5 Re2 68. Qb1 Kd4 69. a6 e3 70. a7 Rf2 1-0

[Event "Osijek-Baranja CupT 11th"]
[Site "Nasice"]
[Date "2018.02.18"]
[Round "5.2"]
[White "Sasvari, Zelimir"]
[Black "Sos, Fran"]
[Result "1/2-1/2"]
[WhiteElo "2188"]
[BlackElo "1983"]
[PlyCount "93"]
[EventDate "2018.02.16"]
[EventType "team-swiss"]
[EventRounds "5"]
[EventCountry "CRO"]
[SourceTitle "EXT 2023"]
[Source "ChessBase"]
[SourceDate "2022.10.05"]
[SourceVersion "1"]
[SourceVersionDate "2022.10.05"]
[SourceQuality "1"]
[WhiteTeam "Osijek 2017"]
[BlackTeam "Donji Miholjac"]
[WhiteTeamCountry "CRO"]
[BlackTeamCountry "CRO"]

1. d4 Nf6 2. c3 g6 3. Bf4 Bg7 4. h3 d5 5. Nd2 Nbd7 6. Ngf3 0-0 7. e3 c5 8. Bd3 b6 9. 0-0 Bb7 10. Ne5 Nxe5 11. Bxe5 Rc8 12. a4 Ne4 13. Bh2 Nxd2 14. Qxd2 c4 15. Bc2 Re8 16. f4 e6 17. g4 f5 18. Qg2 Qe7 19. Bg3 Bf6 20. Rf3 Kf7 21. Kf2 Rg8 22. Ke2 h5 23. Bh2 hxg4 24. hxg4 Rh8 25. Rg1 Rcg8 26. Rg3 Qf8 27. Rf1 Rg7 28. Bg1 Rh4 29. Kd2 Bc6 30. Ra1 Rhh7 31. Qf3 Ke8 32. Rg2 Qh8 33. Qe2 Qf8 34. Qf3 Qh8 35. b3 Rh3 36. Qe2 Qf8 37. Bf2 cxb3 38. Bxb3 Qd6 39. Bc2 Rgh7 40. Bg1 Qc7 41. Bd3 Rd7 42. Qe1 Rdh7 43. Qd1 Kf7 44. Qb3 Rh8 45. Bf1 R3h4 46. Be2 Rh3 47. Bf1 1/2-1/2

[Event "CRO Cup"]
[Site "Mali Losinj"]
[Date "2017.05.11"]
[Round "2.12"]
[White "Sasvari, Zelimir"]
[Black "Tomulic, Teo"]
[Result "0-1"]
[WhiteElo "2199"]
[BlackElo "2319"]
[PlyCount "98"]
[EventDate "2017.05.10"]
[EventType "team-swiss"]
[EventRounds "6"]
[EventCountry "CRO"]
[SourceTitle "CBM 178 Extra"]
[Source "ChessBase"]
[SourceDate "2017.06.22"]
[SourceVersion "1"]
[SourceVersionDate "2017.06.22"]
[SourceQuality "1"]
[WhiteTeam "Osijek"]
[BlackTeam "Rijeka Junior"]
[WhiteTeamCountry "CRO"]
[BlackTeamCountry "CRO"]

1. Nf3 Nf6 2. g3 c5 3. Bg2 Nc6 4. d3 d5 5. Nbd2 e5 6. e4 d4 7. a4 Bd6 8. Nc4 Bc7 9. Bd2 a6 10. 0-0 0-0 11. Qe1 Re8 12. b3 b6 13. b4 cxb4 14. Bxb4 Nxb4 15. Qxb4 Rb8 16. Rfb1 b5 17. axb5 axb5 18. Na5 Bd6 19. Qd2 Qc7 20. Nb3 Be6 21. Ng5 Bd7 22. Bh3 Rec8 23. Bxd7 Nxd7 24. Ra2 Nb6 25. Nf3 Na4 26. Rba1 Qe7 27. Nh4 g6 28. Rf1 Bb4 29. Qh6 Nc3 30. Ra6 Ne2+ 31. Kg2 Rxc2 32. Nf3 Rbc8 33. Rb6 Rb2 34. Ng5 f6 35. Qh3 f5 36. Qh6 Qg7 37. Qh4 Be7 38. exf5 gxf5 39. Ne6 Bxh4 40. Nxg7 Kxg7 41. Rxb5 Bf6 42. Rb7+ Kg6 43. Ra1 Nc1 44. Raa7 Rxb3 45. Rxh7 Rh8 46. Rhd7 Nxd3 47. Ra6 Rb2 48. Rdd6 Rf8 49. h4 Nxf2 0-1

[Event "CRO Cup"]
[Site "Mali Losinj"]
[Date "2017.05.10"]
[Round "1.11"]
[White "Brkic, Ante"]
[Black "Sasvari, Zelimir"]
[Result "1-0"]
[WhiteElo "2553"]
[BlackElo "2199"]
[PlyCount "43"]
[EventDate "2017.05.10"]
[EventType "team-swiss"]
[EventRounds "6"]
[EventCountry "CRO"]
[SourceTitle "CBM 178 Extra"]
[Source "ChessBase"]
[SourceDate "2017.06.22"]
[SourceVersion "1"]
[SourceVersionDate "2017.06.22"]
[SourceQuality "1"]
[WhiteTeam "Vinkovci"]
[BlackTeam "Osijek"]
[WhiteTeamCountry "CRO"]
[BlackTeamCountry "CRO"]

1. e4 c5 2. Nf3 e6 3. d4 cxd4 4. Nxd4 Nc6 5. Nc3 Qc7 6. Be3 a6 7. Be2 Nf6 8. 0-0 d6 9. f4 Bd7 10. a4 Be7 11. Nb3 Na5 12. e5 dxe5 13. fxe5 Nxb3 14. exf6 Bc5 15. Bxc5 Nxc5 16. fxg7 Rg8 17. Qd4 Rd8 18. Bh5 Bc8 19. Bxf7+ Qxf7 20. Qxd8+ Kxd8 21. Rxf7 Nd7 22. Ne4 1-0

[Event "CRO-chT1A"]
[Site "Bol"]
[Date "2014.10.12"]
[Round "9.1"]
[White "Kovacevic, Blazimir"]
[Black "Sasvari, Zelimir"]
[Result "1/2-1/2"]
[WhiteElo "2467"]
[BlackElo "2203"]
[PlyCount "165"]
[EventDate "2014.10.04"]
[EventType "team-tourn"]
[EventRounds "9"]
[EventCountry "CRO"]
[SourceTitle "CBM 162 Extra"]
[Source "ChessBase"]
[SourceDate "2014.10.17"]
[SourceVersion "1"]
[SourceVersionDate "2014.10.17"]
[SourceQuality "1"]
[WhiteTeam "Rijeka Liburnija"]
[BlackTeam "Osijek"]
[WhiteTeamCountry "CRO"]
[BlackTeamCountry "CRO"]

1. d4 c5 2. d5 e5 3. e4 a6 4. Nc3 d6 5. f4 exf4 6. Bxf4 Ne7 7. Nf3 Ng6 8. Bg3 Nd7 9. Be2 Be7 10. 0-0 0-0 11. a4 Qc7 12. Qd2 Bf6 13. Nd1 Re8 14. Nf2 Bxb2 15. Rab1 Be5 16. Nxe5 Ndxe5 17. a5 Rb8 18. Rb6 Bd7 19. Rfb1 f5 20. exf5 Bxf5 21. h4 Nf7 22. Ng4 Qe7 23. Re1 Nge5 24. Nxe5 Nxe5 25. Bf1 Qf6 26. Qc3 Rbd8 27. Rxb7 Bc8 28. Rb6 Rf8 29. Be2 Qf7 30. Qd2 Bb7 31. c4 Bc8 32. Rf1 Qe7 33. Qe3 Rfe8 34. Bxe5 Qxe5 35. Qxe5 Rxe5 36. Bd3 Re3 37. Rf3 Rxf3 38. gxf3 g6 39. Kf2 Kf7 40. Rc6 Kf6 41. Rc7 h5 42. Ra7 Re8 43. Ra8 g5 44. hxg5+ Kxg5 45. Bf1 Kh4 46. Rb8 Rf8 47. Rb6 Rd8 48. Rb8 Rf8 49. Ra8 Re8 50. Bd3 Kg5 51. Ra7 h4 52. Rg7+ Kf4 53. Rf7+ Kg5 54. Rg7+ Kf4 55. Rh7 Kg5 56. Be2 Bf5 57. f4+ Kxf4 58. Rxh4+ Kg5 59. Rh5+ Kf4 60. Rh6 Rd8 61. Rf6 Ke5 62. Rf7 Rb8 63. Ra7 Rb2 64. Ke3 Rb3+ 65. Kf2 Kf4 66. Rxa6 Ke5 67. Ra8 Ra3 68. a6 Kd4 69. a7 Bd3 70. Rh8 Bxe2 71. a8Q Rxa8 72. Rxa8 Bxc4 73. Rd8 Kxd5 74. Ke3 Ke5 75. Rc8 Bb5 76. Rc7 Kd5 77. Rh7 Be8 78. Rh8 Bg6 79. Rh6 Bf5 80. Rh1 c4 81. Ra1 Ke5 82. Ra5+ d5 83. Kd2 1/2-1/2

[Event "CRO-chT1A"]
[Site "Bol"]
[Date "2014.10.10"]
[Round "7.2"]
[White "Dutina, Dario"]
[Black "Sasvari, Zelimir"]
[Result "1-0"]
[WhiteElo "2265"]
[BlackElo "2203"]
[PlyCount "85"]
[EventDate "2014.10.04"]
[EventType "team-tourn"]
[EventRounds "9"]
[EventCountry "CRO"]
[SourceTitle "CBM 162 Extra"]
[Source "ChessBase"]
[SourceDate "2014.10.17"]
[SourceVersion "1"]
[SourceVersionDate "2014.10.17"]
[SourceQuality "1"]
[WhiteTeam "Sesvete"]
[BlackTeam "Osijek"]
[WhiteTeamCountry "CRO"]
[BlackTeamCountry "CRO"]

1. e4 c5 2. Nc3 Nc6 3. f4 g6 4. Nf3 Bg7 5. Bb5 Nd4 6. a4 a6 7. Bc4 d6 8. Nxd4 cxd4 9. Ne2 e6 10. d3 Ne7 11. 0-0 0-0 12. Bb3 Bd7 13. Qe1 Nc6 14. Bd2 a5 15. Ng3 Re8 16. Qf2 Qh4 17. f5 Ne5 18. h3 Rac8 19. f6 Bf8 20. Qe1 g5 21. Ne2 Qh5 22. Nxd4 d5 23. Nf3 Nxf3+ 24. Rxf3 dxe4 25. dxe4 Bc5+ 26. Be3 Kh8 27. c3 Rg8 28. g4 Qh6 29. Bxc5 Rxc5 30. Qf2 Qf8 31. Bc2 Bc6 32. Rd1 e5 33. Rfd3 Rc4 34. Qb6 h6 35. Rd8 Be8 36. R1d5 Rc6 37. Qxb7 Rxf6 38. Rxe5 Re6 39. Qd5 Qg7 40. Rxe6 fxe6 41. Qxe6 Bf7 42. Rxg8+ Bxg8 43. Qd6 1-0

[Event "Osijek-ch op"]
[Site "Osijek"]
[Date "2014.02.21"]
[Round "3"]
[White "Jovanovic, Zoran"]
[Black "Sasvari, Zelimir"]
[Result "1-0"]
[WhiteElo "2535"]
[BlackElo "2225"]
[PlyCount "133"]
[EventDate "2014.02.20"]
[EventType "swiss"]
[EventRounds "7"]
[EventCountry "CRO"]
[SourceTitle "CBM 159 Extra"]
[Source "ChessBase"]
[SourceDate "2014.04.24"]
[SourceVersion "1"]
[SourceVersionDate "2014.04.24"]
[SourceQuality "1"]

1. e4 c5 2. Nc3 e6 3. Nge2 Nc6 4. d4 cxd4 5. Nxd4 Qc7 6. f4 a6 7. Nxc6 Qxc6 8. Be2 b5 9. Bf3 Rb8 10. Be3 b4 11. Ne2 Qc7 12. Qd4 Bb7 13. 0-0 Nf6 14. c4 Rc8 15. b3 Bc5 16. Qxc5 Qxc5 17. Bxc5 Rxc5 18. a3 bxa3 19. Nc3 0-0 20. e5 Bxf3 21. Rxf3 Ng4 22. Rd3 Rc7 23. Rxa3 f6 24. h3 Nh6 25. exf6 Rxf6 26. g3 d5 27. cxd5 exd5 28. Ra1 Rfc6 29. Nxd5 Rc1+ 30. Rxc1 Rxc1+ 31. Kf2 a5 32. g4 Nf7 33. Ke3 Kf8 34. Rc3 Re1+ 35. Kd2 Re8 36. Rc5 Ra8 37. Nc7 Rb8 38. Kc2 Ke7 39. Nd5+ Kd6 40. Rxa5 Nd8 41. Ne3 Nc6 42. Nc4+ Ke7 43. Rg5 Nd4+ 44. Kc3 Ne2+ 45. Kb2 Nxf4 46. Rxg7+ Kf6 47. Rxh7 Kg6 48. Rc7 Nxh3 49. Ne5+ Kg5 50. Rc4 Nf4 51. Kc2 Nd5 52. Nf3+ Kg6 53. Rc5 Ra8 54. Kb2 Kf6 55. Rc6+ Kg7 56. Nd4 Kf7 57. g5 Rd8 58. Rd6 Ne7 59. Rf6+ Kg8 60. Nf5 Nd5 61. Rd6 Nf4 62. b4 Rb8 63. Kb3 Rb5 64. Nh6+ Kh7 65. Nf7 Kg7 66. Rd7 Kf8 67. Nd6 1-0

[Event "Osijek-ch op"]
[Site "Osijek"]
[Date "2014.02.21"]
[Round "4"]
[White "Sasvari, Zelimir"]
[Black "Grguric, Stjepan Kresimir"]
[Result "1-0"]
[WhiteElo "2225"]
[BlackElo "2043"]
[PlyCount "183"]
[EventDate "2014.02.20"]
[EventType "swiss"]
[EventRounds "7"]
[EventCountry "CRO"]
[SourceTitle "CBM 159 Extra"]
[Source "ChessBase"]
[SourceDate "2014.04.24"]
[SourceVersion "1"]
[SourceVersionDate "2014.04.24"]
[SourceQuality "1"]

1. Nf3 Nf6 2. c4 g6 3. g3 Bg7 4. Bg2 0-0 5. 0-0 d5 6. Na3 c5 7. d3 Nc6 8. Rb1 a6 9. Bg5 h6 10. Bd2 Qc7 11. cxd5 Nxd5 12. Qc1 Ncb4 13. Bxh6 Nxa2 14. Qg5 Nab4 15. Rfc1 Bf6 16. Qd2 Rd8 17. d4 Bf5 18. Rxc5 Qxc5 19. dxc5 Bxb1 20. Nxb1 Nc3 21. Nxc3 Rxd2 22. Nxd2 Rc8 23. Nb3 Rc7 24. Bd2 Bg7 25. Na4 Nc6 26. Bc3 e6 27. Bxg7 Kxg7 28. Nb6 Nb4 29. Kf1 f5 30. Ke1 e5 31. Nd5 Nxd5 32. Bxd5 a5 33. c6 bxc6 34. Nc5 Kf6 35. Bc4 Ke7 36. b3 Kd6 37. Nd3 g5 38. f4 gxf4 39. gxf4 e4 40. Ne5 Rh7 41. Nf7+ Ke7 42. Ng5 Rxh2 43. Kd2 Rh8 44. Kc3 Rd8 45. Ne6 Rd6 46. Nc5 Rd1 47. Nb7 Ra1 48. Kd4 a4 49. bxa4 Rxa4 50. Nc5 Rb4 51. e3 Kd6 52. Nb3 Rb8 53. Bf7 Ke7 54. Bc4 Kd6 55. Nc5 Rb4 56. Nb3 Rb8 57. Kc3 c5 58. Bf7 Rf8 59. Bg6 Rf6 60. Be8 Rh6 61. Nd2 Rh1 62. Nc4+ Ke7 63. Bb5 Rb1 64. Ba6 Ra1 65. Bc8 Kf6 66. Nb6 Ra3+ 67. Kc4 Kg6 68. Nd5 Ra8 69. Ne7+ Kf6 70. Nxf5 Rb8 71. Nd6 Ke7 72. Kxc5 Ra8 73. Bb7 Ra7 74. Nf5+ Kf6 75. Bxe4 Ra5+ 76. Kb4 Ra2 77. Nd4 Ra7 78. Kc4 Ra4+ 79. Kd3 Ra2 80. Bd5 Ra5 81. e4 Ra3+ 82. Nb3 Ra4 83. Ke3 Ra7 84. e5+ Ke7 85. f5 Rc7 86. f6+ Kf8 87. Ke4 Rd7 88. Nd4 Ra7 89. Kf5 Rd7 90. Ne6+ Ke8 91. Nf4 Ra7 92. f7+ 1-0

[Event "Osijek Baranja CupT 6th"]
[Site "Osijek"]
[Date "2013.03.10"]
[Round "5.2"]
[White "Sasvari, Zelimir"]
[Black "Bubalovic, Davorin"]
[Result "1/2-1/2"]
[WhiteElo "2206"]
[BlackElo "2288"]
[PlyCount "137"]
[EventDate "2013.03.08"]
[EventType "team-tourn"]
[EventRounds "5"]
[EventCountry "CRO"]
[SourceTitle "EXT 2014"]
[Source "ChessBase"]
[SourceDate "2013.11.20"]
[SourceVersion "1"]
[SourceVersionDate "2013.11.20"]
[SourceQuality "1"]

1. Nf3 Nf6 2. c4 g6 3. Nc3 Bg7 4. g3 d6 5. Bg2 0-0 6. 0-0 c6 7. d3 e5 8. Rb1 a5 9. a3 Bf5 10. h3 Re8 11. e4 Bd7 12. b4 axb4 13. axb4 Na6 14. Qb3 h6 15. Be3 Be6 16. b5 Nc5 17. Bxc5 dxc5 18. bxc6 bxc6 19. Qc2 Qc7 20. Rb3 Reb8 21. Rfb1 Bf8 22. Bf1 Rb4 23. Na2 Rbb8 24. R1b2 Bd6 25. Kh2 Rxb3 26. Rxb3 Qa5 27. Nc3 Rb8 28. Rxb8+ Bxb8 29. Qd2 Qa1 30. Be2 Kg7 31. Nd1 Bc7 32. Qb2 Qxb2 33. Nxb2 Kf8 34. Na4 Nd7 35. Nd2 Ba5 36. Nb3 Bb4 37. f4 f6 38. Bg4 Bxg4 39. hxg4 Ke7 40. Kg2 Kd6 41. Kf3 g5 42. Nb2 Bc3 43. Nd1 Bd4 44. Ne3 Bxe3 45. Kxe3 gxf4+ 46. gxf4 exf4+ 47. Kxf4 Ne5 48. Kf5 Nxd3 49. Na5 Ne5 50. Nb7+ Ke7 51. Na5 Kf7 52. Nb7 Nxc4 53. Nd8+ Kg7 54. Ne6+ Kf7 55. Nd8+ Ke8 56. Nb7 Ke7 57. Nxc5 Kf7 58. Nb7 Ne3+ 59. Kf4 Ng2+ 60. Kg3 Ne1 61. Nd8+ Ke7 62. Nxc6+ Kd6 63. Nd4 Nd3 64. Nf3 Ke6 65. Kh4 Nf2 66. Kh5 Nxe4 67. Kxh6 Nf2 68. g5 fxg5 69. Nxg5+ 1/2-1/2

[Event "Osijek op"]
[Site "Osijek"]
[Date "2013.02.23"]
[Round "5.6"]
[White "Raguz, Darko"]
[Black "Sasvari, Zelimir"]
[Result "0-1"]
[WhiteElo "2103"]
[BlackElo "2199"]
[PlyCount "60"]
[EventDate "2013.02.21"]
[EventType "swiss"]
[EventRounds "7"]
[EventCountry "CRO"]
[SourceTitle "EXT 2014"]
[Source "ChessBase"]
[SourceDate "2013.11.20"]
[SourceVersion "1"]
[SourceVersionDate "2013.11.20"]
[SourceQuality "1"]

1. e4 c5 2. Nf3 e6 3. Nc3 Nc6 4. Be2 a6 5. a4 Qc7 6. 0-0 Nf6 7. h3 b6 8. Re1 Bb7 9. Bf1 Bd6 10. Kh1 h6 11. d4 cxd4 12. Nxd4 Nxd4 13. Qxd4 Be5 14. Qd3 Rc8 15. Bd2 0-0 16. Rac1 Rfd8 17. Nd1 d5 18. exd5 Rxd5 19. Qe2 Rcd8 20. Bc3 Bxc3 21. Nxc3 Rd2 22. Qe3 R2d4 23. Ne2 Re4 24. Qc3 Rc4 25. Qb3 Ne4 26. Qe3 Rxa4 27. b3 Rb4 28. c4 Qc5 29. Qxc5 Nxc5 30. Rb1 Nd3 0-1

[Event "Osijek Baranja CupT 5th"]
[Site "Nasice"]
[Date "2012.03.10"]
[Round "2.1"]
[White "Sulc, Damir"]
[Black "Sasvari, Zelimir"]
[Result "1-0"]
[WhiteElo "2253"]
[BlackElo "2222"]
[PlyCount "36"]
[EventDate "2012.03.09"]
[EventType "team-swiss"]
[EventRounds "5"]
[EventCountry "CRO"]
[SourceTitle "EXT 2014"]
[Source "ChessBase"]
[SourceDate "2013.11.20"]
[SourceVersion "1"]
[SourceVersionDate "2013.11.20"]
[SourceQuality "1"]

1. e4 c5 2. Nf3 Nc6 3. d4 cxd4 4. Nxd4 g6 5. Nc3 Bg7 6. Be3 Nf6 7. Bc4 d6 8. f3 Bd7 9. Qd2 h5 10. Bb3 Na5 11. 0-0 a6 12. Kh1 Rc8 13. Rad1 Nxb3 14. axb3 Bc6 15. Nxc6 Rxc6 16. e5 Nd7 17. exd6 Rxd6 18. Qe2 Nf6 1-0

[Event "Osijek Baranja CupT 5th"]
[Site "Nasice"]
[Date "2012.03.09"]
[Round "1.1"]
[White "Sasvari, Zelimir"]
[Black "Dvorski, Renato"]
[Result "1/2-1/2"]
[WhiteElo "2222"]
[BlackElo "1976"]
[PlyCount "26"]
[EventDate "2012.03.09"]
[EventType "team-swiss"]
[EventRounds "5"]
[EventCountry "CRO"]
[SourceTitle "EXT 2014"]
[Source "ChessBase"]
[SourceDate "2013.11.20"]
[SourceVersion "1"]
[SourceVersionDate "2013.11.20"]
[SourceQuality "1"]

1. c4 e5 2. Nc3 Nf6 3. Nf3 Nc6 4. d3 h6 5. a3 d5 6. cxd5 Nxd5 7. Bd2 Bg4 8. Qa4 Bxf3 9. gxf3 Nb6 10. Qd1 Be7 11. e3 Bf6 12. Ne4 Be7 13. Rc1 0-0 1/2-1/2

[Event "CRO-chT1B 20th"]
[Site "Sibenik"]
[Date "2011.10.11"]
[Round "8.5"]
[White "Ciganovic, Nikola"]
[Black "Sasvari, Zelimir"]
[Result "1/2-1/2"]
[WhiteElo "2255"]
[BlackElo "2242"]
[PlyCount "90"]
[EventDate "2011.10.04"]
[EventType "team-tourn"]
[EventRounds "9"]
[EventCountry "CRO"]
[SourceTitle "CBM 144 Extra"]
[Source "ChessBase"]
[SourceDate "2011.10.28"]
[SourceVersion "1"]
[SourceVersionDate "2011.10.28"]
[SourceQuality "1"]
[WhiteTeam "Pula"]
[BlackTeam "Ernestinovo"]
[WhiteTeamCountry "CRO"]
[BlackTeamCountry "CRO"]

1. e4 Nf6 2. e5 Nd5 3. d4 d6 4. c4 Nb6 5. f4 dxe5 6. fxe5 Bf5 7. Nc3 e6 8. Be3 Be7 9. Nf3 0-0 10. Be2 Nc6 11. 0-0 f6 12. exf6 Bxf6 13. Qd2 Qe7 14. c5 Nd5 15. Bf2 Rad8 16. Nxd5 Rxd5 17. Bc4 Rd7 18. Rad1 Kh8 19. Rfe1 Rfd8 20. b4 Bg4 21. Qf4 Bxf3 22. Qxf3 Nxd4 23. Bxd4 Rxd4 24. Rxd4 Bxd4+ 25. Kh1 b6 26. Rxe6 Qg5 27. Re1 bxc5 28. Qf7 g6 29. Re7 Qc1+ 30. Bf1 Qh6 31. Re8+ Rxe8 32. Qxe8+ Kg7 33. Qe7+ Kh8 34. Qe8+ Kg7 35. Qe7+ Kh8 36. Qd8+ Kg7 37. Qe7+ Kh8 38. Qd8+ Kg7 39. Qxc7+ Kf6 40. Qd6+ Kg7 41. Qe7+ Kh8 42. bxc5 Qf4 43. Qe1 Bxc5 44. Qc3+ Bd4 45. Qf3 Be5 1/2-1/2